| 000 | 00836nam a2200253 a 4500 | ||
|---|---|---|---|
| 001 | BRL_1221 | ||
| 005 | 20190320211106.0 | ||
| 008 | 021213s1994----mx-ao####c---#000-0#----# | ||
| 020 | _a9682958326 | ||
| 041 | _aspa | ||
| 044 | _amx | ||
| 050 | 4 |
_aND259.S56 _b.S57 1994 |
|
| 245 | 1 | 0 |
_aSiqueiros _bel lugar de la utopía _cCoordinación: Irene Herner ; fotografía: Javier Hinojosa. |
| 260 |
_aMéxico _bInstituto Nacional de Bellas Artes, Sala de Arte Público Siqueiros _c[1994] |
||
| 300 |
_a173 p. _bil., 6 artículos de periódico _c28 cm. |
||
| 500 | _aAu1411 | ||
| 504 | _aBibliografía: p. 169-170 | ||
| 600 | 1 | 4 |
_aSiqueiros, David Alfaro _d1896-1974 _vExposiciones _94894 |
| 650 | 1 | 4 |
_aPintura mexicana _93715 |
| 700 | 1 |
_aHerner, Irene _926163 |
|
| 700 | 1 |
_aHinojosa, Javier _eil. _94884 |
|
| 902 | _aGRL | ||
| 942 |
_2lcc _cB |
||
| 999 |
_c10033 _d10033 |
||